logo

Bir Sreshtho Munshi Abdur Rouf Library
Jhenaidah Cadet College

ফ্রাঙ্কলীন রুজভেল্টের নতুন যুগ ১৯৩২-৪৫ / (Record no. 8716)

MARC details
000 -LEADER
fixed length control field 00843nam a2200241 a 4500
001 - CONTROL NUMBER
JCCL Control Number 8716
003 - CONTROL NUMBER IDENTIFIER
JCCL marc code BD-JhCC
005 - DATE AND TIME OF LATEST TRANSACTION
control field 20180301161255.0
008 - FIXED-LENGTH DATA ELEMENTS--GENERAL INFORMATION
fixed length control field 180301s1966 |||| ||a| 000 0 d
035 ## - SYSTEM CONTROL NUMBER
system control number (BD-JhCC)8716
040 ## - CATALOGING SOURCE
Original cataloging agency BD-JhCC
Modifying agency BD-JhCC
041 ## - LANGUAGE CODE
Language code of Book ben
082 ## - DEWEY DECIMAL CLASSIFICATION NUMBER
Classification number 954
Author mark and Year PER 1966
100 ## - MAIN ENTRY--PERSONAL NAME
Personal name পারকিন্স,ডেক্সটার.
245 ## - TITLE STATEMENT
Title ফ্রাঙ্কলীন রুজভেল্টের নতুন যুগ ১৯৩২-৪৫ /
Statement of responsibility, etc ডেক্সটার পারকিন্স.
260 ## - PUBLICATION, DISTRIBUTION, ETC. (IMPRINT)
Place of publication, distribution, etc ঢাকা :
Name of publisher, distributor, etc ব্রাইট বুক হাউস ;
Date of publication, distribution, etc ১৯৬৬.
300 ## - PHYSICAL DESCRIPTION
Pagination ১৯৫ p. :
Dimensions 20 cm.
651 ## - SUBJECT ADDED ENTRY--GEOGRAPHIC NAME
Geographic name History.
651 ## - SUBJECT ADDED ENTRY--GEOGRAPHIC NAME
Geographic name Pakistan.
700 ## - ADDED ENTRY--PERSONAL NAME
Personal name চৌধুরী,মিনহাজুদ্দিন আহমদ।
942 ## - ADDED ENTRY ELEMENTS (KOHA)
Source of classification or shelving scheme Library of Congress Classification
Koha item type Books
Holdings
Source of classification or shelving scheme Damaged status Not for loan Home library Current library Shelving location Date of accession Cost, normal purchase price Total Checkouts Full call number Barcode Date last seen Copy number Koha item type
Dewey Decimal Classification     JCC Rouf Library JCC Rouf Library General Stacks 03/01/2018 3.00   954 PER 1966 11547 03/01/2018 C-1 Books

JCC Library | Contacts | JCC Home

Last Update on 23 September 2017
Copyright @ 2017-2020 JCC Rouf Library
Rouf Library, Jhenidah Cadet College (JCC), Bangladesh